| 000 | 00649nam a2200217Ia 4500 | ||
|---|---|---|---|
| 008 | 160803s9999 xx 000 0 und d | ||
| 020 | _a0 590447068 | ||
| 100 | _adePaola, Tomie | ||
| 245 | 4 | _aThe legend of the Indian paintbrush / | |
| 245 | _cretold and illustrated by Tomie dePaola. | ||
| 260 | _aNew York : | ||
| 260 | _bScholastic Inc. | ||
| 260 | _c1988 | ||
| 300 | _a38 unnumbered pages : | ||
| 300 | _bcolor illustrations ; | ||
| 300 | _c26 cm | ||
| 500 | _aOriginally published: New York : Putnam Publishing Group, c1988. | ||
| 650 | _aIndians of North America -- Great Plains -- | ||
| 650 | _xFolklore. | ||
| 700 | _a840 | ||
| 999 |
_c299126 _d299126 |
||